| 000 | 01200nam a2200313 c 4500 | ||
|---|---|---|---|
| 003 | BLK | ||
| 005 | 20180422120855.0 | ||
| 008 | 180411b bul|||||r ||||||| ||bul|| | ||
| 010 | _aKNG00217573000 | ||
| 040 | _aBLK | ||
| 041 |
_aRUS _cRUS |
||
| 080 |
_aРуска литература _b821.161.1 _x-93-32 _z821.161.1-93-32 |
||
| 100 | 1 |
_aСладков, Николай Иванович _eпърви автор _9121453 |
|
| 700 | 1 |
_aОвчинников, Кирилл Владимирович _eхудож. _9386851 |
|
| 139 |
_aСладков, Николай Иванович _bС 44 |
||
| 245 | 1 | 0 |
_aГрачи прилетели _cНиколай Иванович Сладков; худож. Кирилл Владимирович Овчинников. |
| 257 | _aRUS | ||
| 260 |
_аЛенинград _bДет. лит. _c1964 |
||
| 300 |
_a16 с. _bс цв. ил. _c29 см |
||
| 380 | _aDX | ||
| 653 | _aразкази | ||
| 653 | _aлитература за деца | ||
| 653 | _aдетска литература | ||
| 852 | _aЦб Д | ||
| 856 | 4 |
_qpdf _u |
|
| 856 | 4 |
_qpdf _u |
|
| 942 |
_cKNG _n0 _01 |
||
| 944 |
_aCR _c24.03.2018 _kЛюдмила_Стоянова |
||
| 944 |
_aED _c24.03.2018 _kЛюдмила_Стоянова |
||
| 999 |
_c207732 _d207732 |
||